Revista Pumacahua / (Record no. 22136)

000 -CABECERA
fixed length control field 01913nam a22002417a 4500
003 - IDENTIFICADOR DEL NÚMERO DE CONTROL
control field AR-CdUCM
008 - DATOS DE LONGITUD FIJA--INFORMACIÓN GENERAL
fixed length control field 190605b ||||| |||| 00| 0 spa d
040 ## - FUENTE DE LA CATALOGACIÓN
Agencia/entidad que catalogó originalmente la obra MUNICIPALIDAD PROVINCIAL DEL CUSCO
Entidad que transcribió la catalogación BIBLIOTECA MUNICIPAL DEL CUSCO
082 ## - NÚMERO DE LA CLASIFICACIÓN DECIMAL DEWEY
No. de Clasificación Pumacahua/N°25-26/1965
245 ## - MENCIÓN DE TÍTULO
Título Revista Pumacahua /
Mención de responsabilidad Colegio Mateo Pumacahua Sicuani
260 ## - PUBLICACIÓN, DISTRIBUCIÓN, ETC.
Lugar de publicación, distribución, etc. Sicuani.
Nombre de la editorial, distribuidor, etc. Santa Rosa,
Fecha de publicación, distribución, etc. 1965.
300 ## - DESCRIPCIÓN FÍSICA
Nº de Páginas Extensión 237 páginas. :
Otros detalles físicos ilustraciones ;
Dimensiones 28 cm.
440 ## - MENCIÓN DE SERIE/PUNTO DE ACCESO ADICIONAL--TÍTULO
Título Revista Pumacahua.
Número de la parte/sección de una obra Año XXVI, 21 de setiembre de 1965, N°25-26.
9 (RLIN) 47519
505 ## - NOTA DE CONTENIDO CON FORMATO
Nota de contenido formateada Contenido: Portada interpretativa. Guillermo Aguilar. -- Filosofía y educación nacional. Guillermo Aguilar Claros. -- Colegio y comunidad. Nicomedes Laguna. -- Existió en el incanato un procedimiento natural que permitió crear hombres sanos y fuertes. -- Nueva formula para hallar la mediana de un triangulo. -- La música. Mary de Cornejo. -- Apuntes para la historia de mi colegio. Segundo Durant Teves -- Recortes valiosos que documentan la creación de la hoy gran Unidad Escolar Mateo Pumacahua. Darío Olave. -- En memoria del General Don Ernesto Montagne Markholz. -- Clorinda Matto de Turner escritora cuzqueña. Andrés Tapia. -- Recuerdo eterno del gran Mariscal del Perú don Ramón Castilla Marquesado. -- La antigua Canas y Canchis. Agusto Cerrillo. -- El CLIII Aniversario del grito de Libertad. -- Documentos históricos. arbitrio colegio Sicuani Ley N°280. -- Los educadores y las promociones. -- Discursos pronunciados por autoridades en las bodas de plata de la GUE Mateo Pumacahua. -- Festejos de las bodas de plata del Colegio Mateo Pumacahua, sección gráfica. ...
650 ## - PUNTO DE ACCESO ADICIONAL DE MATERIA--TÉRMINO DE MATERIA
Descriptor Colegios del Cusco
9 (RLIN) 24467
650 ## - PUNTO DE ACCESO ADICIONAL DE MATERIA--TÉRMINO DE MATERIA
Descriptor Historia institucional
9 (RLIN) 47480
650 ## - PUNTO DE ACCESO ADICIONAL DE MATERIA--TÉRMINO DE MATERIA
Descriptor Historia del Cusco
9 (RLIN) 1714
650 ## - PUNTO DE ACCESO ADICIONAL DE MATERIA--TÉRMINO DE MATERIA
Descriptor Literatura cusqueña
9 (RLIN) 47520
650 ## - PUNTO DE ACCESO ADICIONAL DE MATERIA--TÉRMINO DE MATERIA
Descriptor Siglo XX
9 (RLIN) 47518
700 ## - PUNTO DE ACCESO ADICIONAL--NOMBRE DE PERSONA
Nombre Personal Nieto Miranda, Luis
9 (RLIN) 31822
942 ## - ELEMENTOS DE PUNTO DE ACCESO ADICIONAL (KOHA)
Fuente de clasificación
Tipo de item Revistas cusqueñas
945 ## - PROCESAMIENTO DE INFORMACIÓN LOCAL (OCLC)
Catalogador rac
Holdings
Estado de retiro (separado) Fuente de clasificación o esquema de estanterías Estado dañado Ubicación Sala donde se ubica Nombre de la colección Fecha de adquisición o compra Costo, precio normal en soles Signatura topográfica Código de Barras Última vez visto (Koha) Tipo de ítem (Koha)
No     Sala Hemeroteca Sala Hemeroteca Book Cart 2022-03-11 5.00 Pumacahua/N°25-26/1965 REVC000662 2022-03-11 Revistas cusqueñas

Powered by Koha